ბათუმის შოთა რუსთაველის სახელმწიფო უნივერსიტეტის ბიბლიოთეკა

ქართული რომანტიზმი / (ბიბ.ჩანაწერი № 55945)

000 -ლიდერი
ფიქსირებული სიგრძის საკონტროლო ველი 00999nam a2200253Ia 4500
001 - საკონტროლო ნომერი
საკონტროლო ველი 23044
003 - საკონტროლო ნომრის იდენტიფიკატორი
საკონტროლო ველი GE_BSU
005 - ბოლო ოპერაციის თარიღი და დრო
საკონტროლო ველი 20230616122125.0
008 - ფიქსირებული სიგრძის მონაცემთა ელემენტები - ზოგადი ინფორმაცია
ფიქსირებული სიგრძის საკონტროლო ველი 181216s ||||ge |||||||||||||| ||geo||
020 ## - წიგნის საერთაშორისო სტანდარტული ნომერი
International Standard Book Number 5505008623
040 ## - კატალოგიზაციის წყარო
Transcribing agency GE_BSU
041 ## - ენის კოდი
Language code of text/sound track or separate title geo
080 ## - უნივერსალური ათობითი კლასიფიკაციის ინდექსი
Universal Decimal Classification number 821.353.1.02(075.8) მ-44
100 ## - მთავარი ჩანაწერი - პიროვნების სახელი
Personal name მახარაძე, აპოლონ
9 (RLIN) 18767
245 ## - ცნობა სათაურის შესახებ
Title ქართული რომანტიზმი /
Statement of responsibility, etc აპოლონ მახარაძე ; რედ. გ. ახალაია.
264 ## - წარმოების, გამოცემის, დისტრიბუციის და სხვა ცნობები
გამოცემის, წარმოების, დისტრიბუციის... ადგილი თბილისი :
გამოცემის, წარმოების, დისტრიბუციის... სახელწოდება განათლება,
გამოცემის, წარმოების, დისტრიბუციის... თარიღი 1990.
300 ## - ფიზიკური აღწერა
Extent 526 გვ. ;
Dimensions 21 სმ.
500 ## - ზოგადი შენიშვნა
General note საძიებელი : გვ. 517-523
653 ## - INDEX TERM--UNCONTROLLED
Uncontrolled term რომანტიზმი ქართულ ლიტერატურაში
653 ## - INDEX TERM--UNCONTROLLED
Uncontrolled term ქართული რომანტიზმი
700 ## - ADDED ENTRY--PERSONAL NAME
Personal name ახალაია, გ.
Relator term რედაქტორი
9 (RLIN) 9826
942 ## - ADDED ENTRY ELEMENTS (KOHA)
Koha item type წიგნი
Source of classification or shelving scheme
ეგზემპლარები
ჩამოწერის სტატუსი დაკარგული ეგზემპლარის სტატუსი კლასიფიკაციის წყარო ან თაროზე გაწყობის სქემა დაზიანების სტატუსი არ გაიცემა მუდმივი მდებარეობა (დაცვის ადგილი) ამჟამინდელი ადგილსამყოფელი თაროზე განთავსების ადგილი შეძენის თარიღი ღირებულება, შესყიდვის ნორმალური ფასი სრული შენახვის შიფრი შტრიხკოდი ბოლო ოპერაციის თარიღი ეგზემპლარის მიმდევრობითი ნომერი (კეტერი?) ფასის ძალაში შესვლის თარიღი ეგზემპლარის სახეობა საჯარო შენიშვნა
          ბათუმის შოთა რუსთაველის სახელმწიფო უნივერსიტეტის მთავარი ბიბლიოთეკა ბათუმის შოთა რუსთაველის სახელმწიფო უნივერსიტეტის მთავარი ბიბლიოთეკა წიგნსაცავი 2018-12-17 2.60 821.353.1.02(075.8) მ-44 58415 2018-12-17 58415 2018-12-17 წიგნი 2.60 ₾.